00597nam a2200181Ia 4500008004100000020001500041041001200056082001600068100001600084245004800100260003900148300000900187650001200196700001500208942000700223999001500230952017000245221030s9999 xx 000 0 und d a997151155X aEnglish a105.23bHol aD. Halliday 0aPhysics Vol. IIcby D. Halliday, R. Resnick bJohn Wiley & SonsaNew Yorkc2001 a1271 aPhysics aR. Resnick cBK c6722d6722 pBE 2108g150.00l0o105.23 Holr2024-06-13 00:00:00w2022-10-30yBK003Print4070aMIETLIBbMIETLIBcBL-Academic Block C, FL-2, CUP-8, SH-5, R-5d2000-11-1810HBE